Castelos de areia (Registo nº 4137)

Detalhes MARC
000 -Etiqueta do registo
Cabeçalho 00768cam a2200289 4500
005 - Identificador da versão
Campo de controlo 20240813122053.0
095 ## -
-- PTBN00737643
010 ## - Número internacional normalizado dos livros (ISBN)
Número (ISBN) 9722508970
021 ## - Número do Depósito Legal
Código do país PT
Número 85903/95
100 ## - Dados gerais de processamento
Dados gerais de processamento 19950607d1995 c y0pory5003 ba
102 ## - Pais de publicação ou produção
País de publicação Portugal
101 0# - Língua de publicação
Língua do texto, banda sonora, etc. Português
106 ## - Campo de dados codificados: material textual
Dados codificados do material textual r
105 ## - Campo de dados codificados: livros
Dados codificados dos livros a z 001ay
215 ## - Descrição física 
Indicação específica da natureza do documento e extensão da espécie 59 p.
Outras indicações físicas il.
Dimensões 21 cm
200 1# - Titulo e menção de responsabilidade
Título próprio Castelos de areia
Primeira menção de responsabilidade Natércia Rocha
Outras menções de responsabilidade il. Isabel Pissarra
225 1# - Colecção 
Título próprio da colecção Aladino
Indicação de volume 1
210 ## - Publicação, Distribuição, etc. 
Lugar da edição, distribuição, etc. Venda Nova
Nome do editor, distribuidor, etc. Bertrand
Data da publicação, distribuição, etc. 1995
675 ## - Classificação Decimal Universal (CDU)
Notação 087.5
Edição BN
Língua da edição por
Notação 821.134.3-93"19"
Edição BN
Língua da edição por
702 #1 - Nome de autor-pessoa física (responsabilidade secundária)
Número de registo de entrada de autoridade 0000404
Palavra de ordem Pissarra
Outra parte do nome não tomada para palavra de ordem Isabel
Código de função Ilustrador / Técnico de desenho computorizado
700 #1 - Nome de autor-pessoa física (responsabilidade principal)
Número de registo de entrada de autoridade 0000775
Palavra de ordem Rocha
Outra parte do nome não tomada para palavra de ordem Natércia
Datas 1924-2004
966 ## - Identificação da Biblioteca
Sigla EBVendas
942 ## - Elementos de entrada adicionados (Koha)
Tipo de item no Koha Livro
Exemplares
Situação do levantamento Origin of item (home branch) (coded) Biblioteca de empréstimo Código de barras Cota Circulation type (not for loan) Tipo de documento Nota do exemplar Damaged status
  Biblioteca Escolar das Vendas Biblioteca Escolar das Vendas BEV445 8POR ROC   Livro Sem mensagem  
  Biblioteca Escolar das Vendas Biblioteca Escolar das Vendas BEV446 8POR ROC   Livro Sem mensagem